[Event "Gilbert"]
[Site "?"]
[Date "2019.07.23"]
[Round "4.4"]
[White "Toure, Shanthi"]
[Black "Graham, Cassie M"]
[Result "1/2-1/2"]
[WhiteElo "1915"]
[BlackElo "2005"]
[PlyCount "110"]
[EventDate "2019.??.??"]

1. e4 c5 2. Nc3 Nc6 3. g3 g6 4. Bg2 Bg7 5. d3 d6 6. Be3 e6 7. Qd2 Nge7 8. Bh6
Bxh6 9. Qxh6 Ng8 10. Qd2 Nf6 11. Nge2 Bd7 12. h3 Nd4 13. f4 Bc6 14. O-O Qb6 15.
b3 Nxe2+ 16. Nxe2 O-O-O 17. c4 d5 18. cxd5 exd5 19. e5 Ne8 20. d4 cxd4 21. Qxd4
Qa6 22. Nc3 Nc7 23. Kh2 Ne6 24. Qd2 Kb8 25. Rfd1 d4 26. Ne4 Bxe4 27. Bxe4 Rd7
28. Rac1 Rhd8 29. Rc4 Rc7 30. Rdc1 Rdc8 31. Ra4 Qb5 32. Rb4 Qd7 33. Rcc4 Rxc4
34. bxc4 Rc7 35. Bd5 Nd8 36. Rb3 Nc6 37. Rd3 b6 38. Bxc6 Qxc6 39. Rxd4 Qa4 40.
c5 Qc6 41. cxb6 axb6 42. Rd6 Qc5 43. Qb2 Qc2+ 44. Rd2 Qc6 45. Qa3 Rd7 46. Rxd7
Qxd7 47. Qb4 Kc7 48. Qc4+ Kb7 49. Qc2 Qd4 50. Qe2 Kc7 51. Kg2 h5 52. Qc2+ Kd7
53. Qe2 Kc7 54. Qc2+ Kd7 55. Qe2 Kc7 1/2-1/2

[Event "Gilbert"]
[Site "?"]
[Date "2019.07.23"]
[Round "4.5"]
[White "Raghavendra, Mahima"]
[Black "El Barbry, Sarah"]
[Result "1/2-1/2"]
[WhiteElo "1731"]
[BlackElo "1857"]
[PlyCount "84"]
[EventDate "2019.??.??"]

1. e4 e6 2. d4 d5 3. Nd2 Nc6 4. c3 Nf6 5. e5 Nd7 6. Bd3 f6 7. Qh5+ Ke7 8. b3
Qe8 9. Qh4 Qf7 10. f4 Ke8 11. Ne2 Be7 12. Qh3 Nf8 13. Nf3 Bd7 14. O-O Kd8 15.
a3 Na5 16. Rb1 a6 17. a4 h6 18. Bd2 Nc6 19. c4 Bb4 20. Rbd1 Bxd2 21. Rxd2 Nb4
22. Bb1 a5 23. Nc3 Ng6 24. Qg3 Ne7 25. Ne1 f5 26. Nd3 Nxd3 27. Bxd3 c6 28. Rc1
Kc7 29. cxd5 Nxd5 30. Nxd5+ exd5 31. Re2 Be6 32. Qf3 Raf8 33. h4 Rhg8 34. Kf2
Qe7 35. g3 Qb4 36. Qe3 Rf7 37. Bb1 Ra8 38. Qc3 Qxc3 39. Rxc3 Ra6 40. Bd3 Rb6
41. Ke3 Rb4 42. Rb2 h5 1/2-1/2

[Event "Gilbert"]
[Site "?"]
[Date "2019.07.23"]
[Round "4.6"]
[White "Randrianarimanana, Alicia"]
[Black "Bridgeman, Niamh"]
[Result "1-0"]
[WhiteElo "1800"]
[BlackElo "1523"]
[PlyCount "93"]
[EventDate "2019.??.??"]

1. d4 e6 2. Nf3 f5 3. g3 Nf6 4. Bg2 Be7 5. c4 O-O 6. O-O d6 7. b3 Qe8 8. Bb2 d5
9. Nc3 c6 10. Ne5 Nbd7 11. Nd3 Bd6 12. Rc1 Qh5 13. e3 Qxd1 14. Rfxd1 Bc7 15.
cxd5 exd5 16. Nxd5 Bd6 17. Nc3 Nb6 18. b4 Be6 19. b5 Nbd5 20. bxc6 bxc6 21.
Nxd5 Bxd5 22. a3 Rfc8 23. Nb4 Rab8 24. Bc3 Bxg2 25. Kxg2 Nd5 26. Nxd5 cxd5 27.
Bb4 Rxc1 28. Rxc1 Bxb4 29. axb4 Rxb4 30. Rc8+ Kf7 31. Rc7+ Kf6 32. Rxa7 Rb6 33.
Rd7 Rb5 34. Kf3 h6 35. Rc7 g5 36. Rc6+ Kg7 37. Rc5 g4+ 38. Kf4 Rb2 39. Kxf5 h5
40. Kg5 Rxf2 41. Kxh5 Rf3 42. Kxg4 Rxe3 43. Rxd5 Kf6 44. h4 Ke6 45. Re5+ Rxe5
46. dxe5 Kxe5 47. Kg5 1-0

[Event "Gilbert"]
[Site "?"]
[Date "2019.07.23"]
[Round "4.7"]
[White "Sivarajasingam, Shayanna"]
[Black "Ferguson, Dayna"]
[Result "1/2-1/2"]
[WhiteElo "1784"]
[BlackElo "1624"]
[PlyCount "87"]
[EventDate "2019.??.??"]

1. e4 c5 2. Nf3 d6 3. Bb5+ Bd7 4. Bxd7+ Nxd7 5. d4 cxd4 6. Qxd4 e5 7. Qe3 Qc7
8. Qc3 Rc8 9. Qxc7 Rxc7 10. Nc3 Ngf6 11. Bg5 a6 12. O-O Be7 13. Rac1 b5 14.
Bxf6 Nxf6 15. Nd2 Rc5 16. Ne2 O-O 17. f3 Rfc8 18. c3 d5 19. exd5 Rxd5 20. Nb3
Nd7 21. Rfd1 Nb6 22. Rxd5 Nxd5 23. Ng3 g6 24. Ne4 f5 25. Ned2 Bg5 26. c4 Nf4
27. Kf1 Nd3 28. Rc2 Nb4 29. Rc1 Nxa2 30. Rc2 Nb4 31. Rc3 Rd8 32. Ke2 bxc4 33.
Nxc4 Nd5 34. Rc2 Nf4+ 35. Kf2 Nd3+ 36. Ke2 e4 37. fxe4 fxe4 38. Nbd2 Nb4 39.
Rc3 Re8 40. Rb3 Nd5 41. g3 Re6 42. Rb8+ Kg7 43. Rb7+ Kg8 44. Rb8+ 1/2-1/2

[Event "Gilbert"]
[Site "?"]
[Date "2019.07.23"]
[Round "4.8"]
[White "Mihaylova, Aliona"]
[Black "Fraser, Susanna"]
[Result "1-0"]
[WhiteElo "1575"]
[BlackElo "1740"]
[PlyCount "137"]
[EventDate "2019.??.??"]

1. d4 d5 2. Nf3 Nf6 3. e3 e6 4. Bd3 Be7 5. O-O O-O 6. Nbd2 c5 7. c3 Nc6 8. Re1
b6 9. b3 Bb7 10. Bb2 Rc8 11. Rc1 h6 12. e4 cxd4 13. c4 Nb4 14. Bb1 dxe4 15.
Nxd4 Bc5 16. Nxe4 Bxe4 17. Bxe4 e5 18. Nf5 Nxe4 19. Rxe4 Nd3 20. Nxh6+ Kh7 21.
Nf5 Bxf2+ 22. Kf1 g6 23. g3 Rh8 24. Rh4+ Kg8 25. Ne7+ Qxe7 26. Rxh8+ Kxh8 27.
Qxd3 Rd8 28. Qe4 Bd4 29. Bxd4 Rxd4 30. Qe3 Qf6+ 31. Kg1 Qd6 32. Qf3 Rd2 33. Rf1
Qc5+ 34. Kh1 Rd7 35. Qf6+ Kg8 36. Re1 Re7 37. Rd1 Qc7 38. Kg2 Re8 39. h4 Qe7
40. Qf3 e4 41. Qe3 Qe5 42. Rd5 Qb2+ 43. Rd2 Qe5 44. Rd5 Qe6 45. h5 Qf6 46. hxg6
fxg6 47. Rd1 Re7 48. Rf1 Qd6 49. Qf2 Rd7 50. Re1 Qe6 51. Rf1 Rd8 52. Re1 Re8
53. Qe3 Qe5 54. Rd1 Rf8 55. Rd5 Qe6 56. Rd4 Re8 57. Rd2 Kg7 58. Qd4+ Kf7 59.
Rf2+ Kg8 60. Qe3 Rd8 61. Re2 Re8 62. Rd2 Qg4 63. Rd5 Rf8 64. Rg5 Qe6 65. Rd5
Rf3 66. Qg5 Qf7 67. Rd8+ Kh7 68. Qh4+ Kg7 69. Qh8# 1-0

[Event "Gilbert"]
[Site "?"]
[Date "2019.07.23"]
[Round "4.9"]
[White "Mcintosh, Rachel"]
[Black "Ryder, Kynesha"]
[Result "0-1"]
[WhiteElo "1525"]
[BlackElo "1510"]
[PlyCount "106"]
[EventDate "2019.??.??"]

1. e4 e5 2. Nf3 Nf6 3. Nxe5 d6 4. Nf3 Nxe4 5. d4 d5 6. Bd3 Nc6 7. O-O Be7 8.
Bf4 O-O 9. Nbd2 Nxd2 10. Qxd2 Bg4 11. Ne5 Nxe5 12. Bxe5 Bf6 13. Rfe1 Re8 14.
Qf4 Bxe5 15. Rxe5 Qd7 16. Rae1 Bh5 17. Bxh7+ Kxh7 18. Rxh5+ Kg8 19. Rhe5 f6 20.
R5e3 Rxe3 21. Qxe3 Kf7 22. Qf4 Rc8 23. c3 b6 24. f3 c5 25. Kf2 Rc6 26. Qg4 Qxg4
27. fxg4 cxd4 28. cxd4 Rc4 29. Ke3 Ra4 30. a3 Rc4 31. Kd3 Rc7 32. h3 Kg6 33. g3
a5 34. Re6 Rc1 35. Rxb6 Rg1 36. Re6 Rxg3+ 37. Re3 Rg2 38. Kc3 Kg5 39. b4 axb4+
40. Kxb4 Rd2 41. Kc5 Kf4 42. Rb3 Ke4 43. Rb4 Rd3 44. a4 Rxh3 45. a5 Ra3 46. Kb6
Kf4 47. a6 Kxg4 48. Kb7 f5 49. a7 f4 50. a8=Q Rxa8 51. Kxa8 Kf3 52. Kb7 Ke4 53.
Kc6 f3 {White lost on time.} 0-1

[Event "Gilbert"]
[Site "?"]
[Date "2019.07.23"]
[Round "5.3"]
[White "Ryder, Kynesha"]
[Black "Castle, Aoife"]
[Result "1-0"]
[WhiteElo "1510"]
[BlackElo "1581"]
[PlyCount "95"]
[EventDate "2019.??.??"]

1. e4 e6 2. d4 d5 3. Nc3 Nf6 4. exd5 exd5 5. Bg5 Be7 6. Qd2 Nc6 7. f3 Be6 8.
O-O-O h6 9. Bf4 a6 10. Re1 Qd7 11. Nge2 O-O 12. g4 b5 13. Ng3 b4 14. Nd1 a5 15.
Bxh6 gxh6 16. Qxh6 Nh7 17. h4 Bf6 18. Bd3 Rfe8 19. Bxh7+ Kh8 20. Bd3+ Kg8 21.
Qxf6 a4 22. Nf5 Bxf5 23. Bxf5 Qd8 24. Qxc6 Rxe1 25. Rxe1 Qf8 26. g5 b3 27. a3
bxc2 28. Nc3 Rb8 29. Qh6 Qxh6 30. gxh6 c6 31. Kxc2 Rd8 32. Rg1+ Kh8 33. h7 f6
34. Nxa4 Rf8 35. Nc5 Rd8 36. a4 Ra8 37. Rg2 Rb8 38. a5 Rxb2+ 39. Kc3 Rxg2 40.
Bc2 Rg7 41. a6 Ra7 42. Bf5 Ra8 43. Bd7 Kxh7 44. Bxc6 Ra7 45. Bxd5 Kh6 46. Bb7
Kh5 47. Kd3 Kxh4 48. d5 {Scotland had no third player due to illness and
forfeited board 3. Irish player Castle came in as a "filler."} 1-0

[Event "Gilbert"]
[Site "?"]
[Date "2019.07.23"]
[Round "5.4"]
[White "Graham, Cassie M"]
[Black "Sivarajasingam, Shayanna"]
[Result "1-0"]
[WhiteElo "2005"]
[BlackElo "1784"]
[PlyCount "125"]
[EventDate "2019.??.??"]

1. e4 e6 2. Nf3 d5 3. e5 c5 4. b4 cxb4 5. a3 Nc6 6. d4 bxa3 7. c3 a6 8. Bxa3
Bxa3 9. Nxa3 Nge7 10. Bd3 Bd7 11. O-O Ng6 12. Qd2 O-O 13. g3 b5 14. h4 Re8 15.
h5 Nf8 16. h6 g6 17. Nc2 Na5 18. Qf4 Nc4 19. Nh2 Bc6 20. Ng4 Nd7 21. Nb4 Bb7
22. Bc2 Qe7 23. Nd3 Ncb6 24. Nc5 Reb8 25. Nf6+ Nxf6 26. exf6 Qe8 27. Qc7 Bc6
28. g4 Nc4 29. Rxa6 Rxa6 30. Nxa6 Rc8 31. Qg3 e5 32. Re1 e4 33. g5 Qd7 34. Bd1
Ra8 35. Nb4 Bb7 36. Be2 Nb6 37. Bg4 Qd8 38. Be2 Qd7 39. Rb1 Nc4 40. Bxc4 bxc4
41. Rb2 Qc8 42. Ra2 Rxa2 43. Nxa2 Bc6 44. Nb4 Bb7 45. Kh2 Qd8 46. Qe5 Kf8 47.
Kg3 Ba8 48. Na6 Bb7 49. Qc7 Qa8 50. Qe7+ Kg8 51. Nc7 Qb8 52. Qe8+ Qxe8 53. Nxe8
Kf8 54. Nc7 Bc6 55. Kf4 Bb7 56. Ke5 Bc6 57. Nxd5 Ke8 58. Nb6 Bb5 59. Kxe4 Kd8
60. Kd5 Kc7 61. Nxc4 Bd7 62. Ne5 Be6+ 63. Kc5 1-0

[Event "Gilbert"]
[Site "?"]
[Date "2019.07.23"]
[Round "5.5"]
[White "Fraser, Susanna"]
[Black "Raghavendra, Mahima"]
[Result "0-1"]
[WhiteElo "1740"]
[BlackElo "1731"]
[PlyCount "98"]
[EventDate "2019.??.??"]

1. d4 e6 2. c4 Nf6 3. Nf3 d5 4. g3 Bb4+ 5. Nbd2 dxc4 6. Qa4+ Nc6 7. Ne5 c3 8.
bxc3 Bxc3 9. Rb1 Qxd4 10. Qxd4 Nxd4 11. Bb2 Bxb2 12. Rxb2 Nd5 13. Bg2 f6 14.
Nd3 c6 15. Nc5 b6 16. Nce4 Ke7 17. e3 Nf5 18. O-O Ba6 19. Rc1 Rac8 20. a3 Bd3
21. Bf3 Rhd8 22. Rb3 Bxe4 23. Nxe4 Nd6 24. Nd2 c5 25. e4 Nc7 26. Be2 Ncb5 27.
Bxb5 Nxb5 28. Nc4 Nd4 29. Re3 b5 30. Na5 c4 31. a4 a6 32. Kg2 Rd7 33. Rb1 c3
34. Rc1 b4 35. Rd3 c2 36. f4 Ne2 37. Rxd7+ Kxd7 38. Nb3 Nxc1 39. Nxc1 Rc3 40.
Kf2 b3 41. Ke2 b2 42. Kd2 b1=Q 43. Kxc3 Qxc1 44. f5 exf5 45. exf5 Qd1 46. Kb4
c1=Q 47. Ka5 Qc5+ 48. Kxa6 Qxa4+ 49. Kb7 Qaa7# 0-1

[Event "Gilbert"]
[Site "?"]
[Date "2019.07.23"]
[Round "5.6"]
[White "Bridgeman, Niamh"]
[Black "Mcintosh, Rachel"]
[Result "1/2-1/2"]
[WhiteElo "1523"]
[BlackElo "1525"]
[PlyCount "50"]
[EventDate "2019.??.??"]

1. f4 d5 2. Nf3 Nf6 3. e3 c5 4. b3 g6 5. Bb2 Bg7 6. Be2 Nc6 7. O-O O-O 8. d4 b6
9. c3 Bf5 10. Bd3 Bxd3 11. Qxd3 e6 12. Nbd2 Qc7 13. g3 cxd4 14. exd4 Ne7 15.
Rac1 Qb7 16. Rfe1 b5 17. Rc2 Rac8 18. Ba3 Rfe8 19. Ne5 Nc6 20. Bc5 Nxe5 21.
fxe5 Nd7 22. Bd6 Qb6 23. Kg2 a6 24. Nf3 h6 25. Rf1 Bf8 1/2-1/2

[Event "Gilbert"]
[Site "?"]
[Date "2019.07.23"]
[Round "5.7"]
[White "Cordes, Jule"]
[Black "Toure, Shanthi"]
[Result "0-1"]
[WhiteElo "1554"]
[BlackElo "1915"]
[PlyCount "94"]
[EventDate "2019.??.??"]

1. d4 Nf6 2. c4 e6 3. Nc3 d5 4. Nf3 Be7 5. Bg5 Nbd7 6. e3 a6 7. a4 O-O 8. Bd3
dxc4 9. Bxc4 c5 10. O-O cxd4 11. Nxd4 Ne5 12. Bb3 Bd7 13. Rc1 Rc8 14. Qe2 Bc6
15. Bxe6 fxe6 16. Nxe6 Qd6 17. Nxf8 Rxf8 18. Rfd1 Qe6 19. f3 Qf5 20. Bf4 Kh8
21. Rd2 Nfd7 22. Qd1 Bc5 23. Kh1 Qh5 24. Nd5 a5 25. Rc3 h6 26. Bxe5 Qxe5 27.
Rcd3 Nb6 28. Nf4 Qf6 29. Rd8 Bxa4 30. Rxf8+ Bxf8 31. Qb1 Be8 32. Qd1 Be7 33.
Qb3 Bf7 34. Qd1 Be8 35. Qb3 a4 36. Qc2 Bd6 37. Qe4 Bc6 38. Qc2 Kg8 39. Ne2 Qe5
40. g3 Bxf3+ 41. Kg1 Qxe3+ 42. Kf1 Be4 43. Qd1 Qf3+ 44. Ke1 Bb4 45. Nc3 Qh1+
46. Kf2 Bc5+ 47. Rd4 Qxd1 0-1

[Event "Gilbert"]
[Site "?"]
[Date "2019.07.23"]
[Round "5.8"]
[White "El Barbry, Sarah"]
[Black "Monteny, Pascalle"]
[Result "0-1"]
[WhiteElo "1857"]
[BlackElo "1535"]
[PlyCount "158"]
[EventDate "2019.??.??"]

1. e4 e5 2. Nf3 Nc6 3. d4 exd4 4. Bc4 Nf6 5. O-O Nxe4 6. Re1 d5 7. Bxd5 Qxd5 8.
Nc3 Qh5 9. Nxe4 Be6 10. Bg5 h6 11. Bf6 Qg6 12. Nh4 Qg4 13. Qxg4 Bxg4 14. Bxg7
Bxg7 15. Nf6+ Kf8 16. Nxg4 h5 17. Ne3 dxe3 18. Rxe3 Bxb2 19. Rb1 Bd4 20. Rf3
Rg8 21. Rf5 b6 22. Rxh5 Re8 23. Kf1 Bc5 24. c3 Re6 25. Rf5 Kg7 26. Rg5+ Kf8 27.
Rf5 Kg7 28. Rg5+ Kf8 29. Rf5 Kg7 30. Rg5+ Kf8 31. Rf5 Ke7 32. Rg5 Kf8 33. Rf5
Ke7 34. Nf3 f6 35. h4 Rh8 36. h5 Rh6 37. Nh4 Kf7 38. Ng6 Ne7 39. Nxe7 Rxe7 40.
Rd1 Bd6 41. g4 Kg7 42. Kg2 Re4 43. Kh3 Rc4 44. Rd3 Ra4 45. Rd2 Ra3 46. Rf3 Ra4
47. Re2 Ra5 48. Kh4 Ra4 49. Kh3 a6 50. Kh4 a5 51. Kh3 Rc4 52. Re8 Ra4 53. Re2
Rc4 54. Re8 Rc5 55. Rd8 Re5 56. Rd3 Re2 57. Rd7+ Kg8 58. Kg2 Rxa2 59. Re3 Be5
60. g5 Rxh5 61. gxf6 Rh2+ 62. Kf3 Rhxf2+ 63. Ke4 Bxf6 64. Rxc7 Rfe2 65. Rc6
Rxe3+ 66. Kxe3 Kg7 67. Rxb6 Bxc3 68. Kd3 Bf6 69. Ra6 a4 70. Kc4 Be7 71. Kc3 a3
72. Ra7 Kf6 73. Kb3 Rb2+ 74. Kc3 Ke6 75. Ra6+ Kd5 76. Rh6 Bd6 77. Rh1 Be5+ 78.
Kd3 a2 79. Ra1 Rh2 0-1

[Event "Gilbert"]
[Site "?"]
[Date "2019.07.23"]
[Round "5.9"]
[White "Van Essen, Marieke"]
[Black "Randrianarimanana, Alicia"]
[Result "1-0"]
[WhiteElo "1437"]
[BlackElo "1800"]
[PlyCount "127"]
[EventDate "2019.??.??"]

1. e4 c5 2. Nf3 Nf6 3. Nc3 Nc6 4. d4 d5 5. exd5 Nxd5 6. Nxd5 Qxd5 7. Be3 cxd4
8. Nxd4 Nxd4 9. Qxd4 Qxd4 10. Bxd4 Bd7 11. Bd3 f6 12. f4 b6 13. O-O O-O-O 14.
Rad1 Kc7 15. Bc3 e6 16. Bc4 Bc5+ 17. Kh1 Bc8 18. h3 Rxd1 19. Rxd1 Be3 20. Re1
Bxf4 21. Bxe6 Bg3 22. Re3 Bf4 23. Re4 Re8 24. Rc4+ Kb8 25. Bxc8 g5 26. Ba6 Rd8
27. Rd4 Re8 28. Bd3 Re7 29. Re4 Rf7 30. Re6 f5 31. Rf6 Re7 32. Rxf5 h5 33. Rd5
h4 34. Rd4 Kc7 35. Re4 Rd7 36. Be5+ Bxe5 37. Rxe5 Rg7 38. Re6 Kd7 39. Rg6 Rxg6
40. Bxg6 Kd6 41. Kg1 Ke5 42. Kf2 Kf4 43. Bh5 Ke4 44. Ke2 b5 45. Bg4 a5 46. Bh5
Kd4 47. Kf3 b4 48. Kg4 Ke3 49. Kxg5 Kd2 50. Bg6 Kc1 51. b3 Kb2 52. Kxh4 Kxa2
53. Kg4 Ka3 54. h4 a4 55. bxa4 Kxa4 56. h5 b3 57. cxb3+ Kxb3 58. h6 Kc4 59. h7
Kd5 60. h8=Q Kc4 61. Qe5 Kb3 62. Qc5 Kb2 63. Qc2+ Ka1 64. Qb1# 1-0

[Event "Robinson"]
[Site "?"]
[Date "2019.07.22"]
[Round "1.1"]
[White "Bottazzi, Ulysse"]
[Black "Hartman, James"]
[Result "1-0"]
[WhiteElo "2041"]
[BlackElo "1441"]
[PlyCount "71"]
[EventDate "2019.??.??"]

1. e4 e6 2. d4 d5 3. Nc3 Nf6 4. e5 Nfd7 5. f4 c5 6. Nf3 Nc6 7. Be3 Be7 8. Qd2
a6 9. Be2 b5 10. O-O c4 11. Ng5 Nb6 12. Qe1 Bd7 13. Qg3 g6 14. Kh1 Qc7 15. f5
Bxg5 16. fxe6 Bxe6 17. Qxg5 Qe7 18. Qg3 Qd7 19. Qh4 Ne7 20. Bg5 Nf5 21. Qf4 Nc8
22. Bf6 Rg8 23. b3 Nce7 24. bxc4 dxc4 25. Rad1 Bd5 26. Bf3 g5 27. Qd2 Bxf3 28.
Rxf3 g4 29. Rf4 Rg6 30. d5 Rh6 31. Bxe7 Ng3+ 32. Kg1 Qa7+ 33. Rf2 Rg6 34. d6
Qd7 35. hxg3 Ra7 36. Nd5 1-0

[Event "Robinson"]
[Site "?"]
[Date "2019.07.22"]
[Round "1.2"]
[White "Connolly Sams, Dietah"]
[Black "Verhille, Elie"]
[Result "0-1"]
[WhiteElo "1511"]
[BlackElo "1998"]
[PlyCount "116"]
[EventDate "2019.??.??"]

1. d4 Nf6 2. c4 g6 3. Nc3 d5 4. Nf3 Bg7 5. Bf4 O-O 6. e3 b6 7. cxd5 Nxd5 8.
Nxd5 Qxd5 9. Bxc7 Na6 10. Bg3 Qa5+ 11. Qd2 Nb4 12. Rc1 Bf5 13. a3 Nc2+ 14. Kd1
Qa4 15. Rxc2 Bxc2+ 16. Qxc2 Qa5 17. Bd3 Rac8 18. Qb3 Rfd8 19. Ne5 e6 20. Bh4
Rd5 21. Bc4 Rd6 22. Be7 Qxe5 23. Bxd6 Qxd6 24. Ke2 Qc6 25. Ba6 Qxg2 26. Bxc8
Qxh1 27. Qa4 Qc1 28. Qe8+ Bf8 29. Bxe6 Qc2+ 30. Kf3 fxe6 31. Qxe6+ Kg7 32. Qe5+
Kf7 33. Qf4+ Qf5 34. Qxf5+ gxf5 35. Kf4 Kf6 36. a4 Bd6+ 37. Kf3 Bxh2 38. Kg2
Bd6 39. Kh3 Bb4 40. f3 Bd2 41. e4 fxe4 42. fxe4 Be3 43. d5 Ke5 44. Kh4 Bc5 45.
Kh5 Kxe4 46. d6 Bxd6 47. b4 Bxb4 48. Kh6 a6 49. Kxh7 b5 50. axb5 axb5 51. Kh8
Bc3+ 52. Kh7 b4 53. Kg8 b3 54. Kh7 b2 55. Kg8 b1=Q 56. Kh7 Qg1 57. Kh6 Kf5 58.
Kh7 Qg7# 0-1

[Event "Robinson"]
[Site "?"]
[Date "2019.07.22"]
[Round "1.3"]
[White "Hasseine, Madiane"]
[Black "Maheshwari, Ritvik"]
[Result "1-0"]
[WhiteElo "1971"]
[BlackElo "1444"]
[PlyCount "73"]
[EventDate "2019.??.??"]

1. e4 e6 2. d3 d5 3. Nd2 Nf6 4. Ngf3 Be7 5. g3 O-O 6. Bg2 c5 7. O-O Nc6 8. e5
Nd7 9. Re1 Qc7 10. Qe2 b6 11. h4 Ba6 12. c3 Rac8 13. Nf1 d4 14. Bf4 Rfd8 15.
Rad1 Nf8 16. Qd2 dxc3 17. Qxc3 c4 18. a3 cxd3 19. Ng5 Nd4 20. Qd2 Nc2 21. Rc1
Qd7 22. Red1 Ng6 23. Be4 Nxf4 24. Qxf4 Bxg5 25. Qxg5 Qd4 26. Nd2 Qxb2 27. Nf3
Qb5 28. Rxc2 f6 29. Rxc8 fxg5 30. Rxd8+ Kf7 31. Bxd3 Qa4 32. Nxg5+ Ke7 33. Bxa6
h6 34. Ne4 Kf7 35. h5 g5 36. R1d7+ Qxd7 37. Rxd7+ 1-0

[Event "Robinson"]
[Site "?"]
[Date "2019.07.22"]
[Round "1.4"]
[White "Arcot, Pranav"]
[Black "Kien, Clovis"]
[Result "0-1"]
[WhiteElo "1589"]
[BlackElo "1675"]
[PlyCount "68"]
[EventDate "2019.??.??"]

1. e4 c5 2. Nc3 Nc6 3. g3 g6 4. Bg2 Bg7 5. Nge2 Nf6 6. d3 d6 7. Be3 b5 8. h3
Rb8 9. Qd2 b4 10. Nd1 h6 11. f4 e6 12. c3 Qc7 13. c4 Nd7 14. Rc1 Nd4 15. Bxd4
cxd4 16. Nf2 O-O 17. b3 Nc5 18. g4 Bb7 19. h4 f5 20. g5 h5 21. Rf1 a5 22. Bh1
Bc6 23. Rb1 Qb7 24. Ng3 a4 25. Ke2 Ra8 26. bxa4 Rxa4 27. Rb2 Rb8 28. Rfb1 Qb6
29. a3 b3 30. Ra2 Qa7 31. Raa1 Rxa3 32. Qc1 Rxa1 33. Rxa1 b2 34. Rxa7 bxc1=Q
0-1

[Event "Robinson"]
[Site "?"]
[Date "2019.07.22"]
[Round "1.5"]
[White "Tokplo, Victoria"]
[Black "Sandham, Alasdair"]
[Result "1-0"]
[WhiteElo "1593"]
[BlackElo "1378"]
[PlyCount "57"]
[EventDate "2019.??.??"]

1. e4 c5 2. Nf3 d6 3. d4 cxd4 4. Nxd4 Nf6 5. Nc3 g6 6. Be3 Bg7 7. Bc4 O-O 8. f3
Nc6 9. Qd2 Bd7 10. O-O-O Rc8 11. Bb3 Nxd4 12. Bxd4 b5 13. e5 Ne8 14. exd6 Nxd6
15. Bxg7 Kxg7 16. h4 h5 17. g4 Rh8 18. Qf4 f5 19. Qe5+ Kh7 20. gxh5 gxh5 21.
Rhg1 Qf8 22. Rg5 Kh6 23. Rdg1 Be8 24. Qe6+ Qf6 25. Qe3 f4 26. Qd3 e6 27. Qxd6
Bf7 28. Ne4 Qd8 29. Qxe6+ 1-0

[Event "Robinson"]
[Site "?"]
[Date "2019.07.22"]
[Round "1.7"]
[White "Sivarajasingam, Venetia"]
[Black "Brandsma, Romayn"]
[Result "1-0"]
[WhiteElo "1745"]
[BlackElo "1957"]
[PlyCount "65"]
[EventDate "2019.??.??"]

1. e4 e5 2. Nf3 Nc6 3. Bb5 a6 4. Ba4 Nf6 5. O-O Be7 6. c3 b5 7. Bc2 d6 8. Qe2
O-O 9. a4 b4 10. a5 bxc3 11. bxc3 Bg4 12. Rd1 Rb8 13. d4 exd4 14. cxd4 Rb4 15.
Be3 Rb2 16. Rd2 d5 17. exd5 Rxc2 18. Rxc2 Nb4 19. Rc1 Nfxd5 20. h3 Bh5 21. Bd2
Re8 22. Qc4 Bxf3 23. gxf3 Bg5 24. Kh1 Bxd2 25. Nxd2 Qh4 26. Qf1 Nf4 27. Re1
Rxe1 28. Rxe1 h6 29. Kh2 Nxh3 30. Re8+ Kh7 31. Qxh3 Qf4+ 32. Kh1 Qxd2 33. Qf5+
1-0

[Event "Robinson"]
[Site "?"]
[Date "2019.07.22"]
[Round "1.8"]
[White "Achuthan, Dylan"]
[Black "Smith, Madeleine"]
[Result "1-0"]
[WhiteElo "1909"]
[BlackElo "1104"]
[PlyCount "125"]
[EventDate "2019.??.??"]

1. e4 e5 2. Nf3 Nc6 3. Bc4 Nf6 4. d3 d5 5. exd5 Nxd5 6. h3 Bc5 7. O-O O-O 8.
Re1 Re8 9. Ng5 Be6 10. c3 h6 11. Nxe6 fxe6 12. b4 Bb6 13. Be3 Bxe3 14. fxe3 Qd6
15. Qc2 Rad8 16. Nd2 Nf6 17. Rad1 a6 18. a4 Ne7 19. Nf3 Ned5 20. a5 Nh5 21. e4
Ndf4 22. d4 exd4 23. Nxd4 Qe7 24. e5 Qg5 25. Kh1 Qg3 26. Rf1 Rf8 27. Rf3 Qg5
28. Re1 Rde8 29. Kh2 Qh4 30. Qf2 Qxf2 31. Rxf2 g5 32. Ref1 Ng7 33. Ba2 Ng6 34.
Rf6 Rxf6 35. exf6 Nh5 36. f7+ Kf8 37. fxe8=Q+ Kxe8 38. Nxe6 Kd7 39. Nf8+ Nxf8
40. Rxf8 Nf4 41. Rh8 h5 42. g3 Ne2 43. c4 Nc1 44. Bb1 g4 45. hxg4 hxg4 46. Bf5+
Kd6 47. Bxg4 Na2 48. b5 axb5 49. cxb5 Nb4 50. a6 bxa6 51. bxa6 Nc6 52. Rh6+ Kc5
53. Bf3 Na7 54. g4 Kb4 55. Rh7 Nb5 56. Bc6 Kc5 57. Bxb5 Kxb5 58. a7 c5 59. a8=Q
c4 60. Qd5+ Kb4 61. Qd4 Kb3 62. Rb7+ Ka3 63. Qa7# {NOTE: Black was MADELEINE
Smith not her brother Ellison Smith as was in the original PGN.} 1-0

[Event "Robinson"]
[Site "?"]
[Date "2019.07.22"]
[Round "1.9"]
[White "Smith, Ellison"]
[Black "Kutchoukov, Daniel"]
[Result "1-0"]
[WhiteElo "1272"]
[BlackElo "1845"]
[PlyCount "41"]
[EventDate "2019.??.??"]

1. e4 c6 2. d4 d5 3. Nc3 dxe4 4. Nxe4 Nf6 5. Nxf6+ exf6 6. Nf3 Bd6 7. Be3 O-O
8. c3 Re8 9. Bc4 Bf4 10. Qb3 Qe7 11. O-O Bxe3 12. Rfe1 Bxf2+ 13. Kxf2 Be6 14.
Re2 b5 15. Bxe6 fxe6 16. Rae1 Kf7 17. Rxe6 Qxe6 18. Rxe6 Rxe6 19. d5 Rd6 20.
dxc6+ Ke7 21. Qxb5 {NOTE: White was ELLISON Smith not Madeleine Smith as was
in the original PGN.} 1-0

[Event "Robinson"]
[Site "?"]
[Date "2019.07.22"]
[Round "1.10"]
[White "Yeh, Timo"]
[Black "Stevenson, Neil"]
[Result "1-0"]
[WhiteElo "1882"]
[BlackElo "1098"]
[PlyCount "71"]
[EventDate "2019.??.??"]

1. d4 f5 2. Bg5 h6 3. Bh4 g5 4. e4 Rh7 5. Qh5+ Rf7 6. Nf3 Nf6 7. Qg6 d6 8. Bc4
e6 9. exf5 Qe7 10. O-O Kd8 11. fxe6 Rh7 12. Bg3 d5 13. Bb3 Qxe6 14. Re1 Qf7 15.
Qxf7 Rxf7 16. Ne5 Re7 17. Na3 c6 18. c4 Nbd7 19. cxd5 cxd5 20. Nb5 Nb6 21. Ng6
Rxe1+ 22. Rxe1 Bb4 23. Bc7+ Kd7 24. Ne5+ Ke6 25. Re2 Ba5 26. Nc6+ Kf7 27. Nxa5
Bd7 28. Nd6+ Kg7 29. Re7+ Kg6 30. Naxb7 Nc8 31. Re5 Bc6 32. Nc5 Nxd6 33. Bxd6
Rc8 34. h3 Rd8 35. Be7 Rc8 36. Re6 1-0

[Event "Robinson"]
[Site "?"]
[Date "2019.07.22"]
[Round "1.13"]
[White "Kirby, Con"]
[Black "Balaji, Aaravamudhan"]
[Result "0-1"]
[WhiteElo "1597"]
[BlackElo "2034"]
[PlyCount "102"]
[EventDate "2019.??.??"]

1. e4 e5 2. Nf3 Nc6 3. Bb5 a6 4. Ba4 Nf6 5. d3 b5 6. Bb3 Be7 7. O-O O-O 8. c3
d6 9. Re1 Na5 10. Bc2 c5 11. Nbd2 Nc6 12. Nf1 Re8 13. Ng3 Bf8 14. Bg5 g6 15.
Qd2 Bg7 16. h4 Be6 17. h5 d5 18. hxg6 hxg6 19. Bh6 Ng4 20. Bxg7 Kxg7 21. Rad1
d4 22. Bb3 Bxb3 23. axb3 a5 24. c4 bxc4 25. bxc4 Qf6 26. Qg5 Qxg5 27. Nxg5 Reb8
28. Rd2 Rb3 29. Nf1 Rab8 30. Rb1 a4 31. Ra1 Rxb2 32. Rxa4 Rxd2 33. Nxd2 Rb2 34.
Nf1 Nxf2 35. Ra6 Nd8 36. Rd6 Ne6 37. Rxe6 fxe6 38. Nxe6+ Kf7 39. Nxc5 Ke7 40.
Nh2 Kd6 41. Nb7+ Kc6 42. Nd8+ Kd7 43. Nf7 Nxd3 44. Nf3 Ke6 45. Nd8+ Kf6 46. Nc6
Rc2 47. Na5 Nb2 48. Nc6 Nxc4 49. g4 d3 50. g5+ Kg7 51. Kf1 Ne3+ 0-1

[Event "Robinson"]
[Site "?"]
[Date "2019.07.22"]
[Round "1.14"]
[White "Akeya-Price, Robert"]
[Black "Murray, Benjamin"]
[Result "1-0"]
[WhiteElo "1974"]
[BlackElo "1661"]
[PlyCount "137"]
[EventDate "2019.??.??"]

1. d4 d5 2. c4 e6 3. Nf3 Nf6 4. g3 Bb4+ 5. Bd2 Bd6 6. Nc3 c6 7. Qc2 O-O 8. e4
dxe4 9. Nxe4 Nxe4 10. Qxe4 Nd7 11. Bd3 Nf6 12. Qh4 Be7 13. O-O-O b5 14. Bg5 g6
15. Ne5 Bb7 16. Ng4 Nd5 17. Bxe7 Nxe7 18. Qf6 h5 19. Nh6+ Kh7 20. Nxf7 Qe8 21.
Ng5+ Kh6 22. Qe5 bxc4 23. Nxe6 Rf7 24. Qg5+ Kh7 25. Qxh5+ Kg8 26. Bxg6 Nxg6 27.
Qxg6+ Kh8 28. Rhe1 Qg8 29. Qh5+ Qh7 30. Qe5+ Kg8 31. Re4 Qh6+ 32. Kb1 Qg6 33.
Ka1 Rf5 34. Qd6 Rxf2 35. Re5 Rf5 36. Rxf5 Qxf5 37. Qe7 Qf7 38. Qxf7+ Kxf7 39.
Nc5 Bc8 40. Rf1+ Kg7 41. Rf4 Bh3 42. a4 Re8 43. Ne4 Bg2 44. Nc3 Re1+ 45. Ka2
Rh1 46. h4 Bh3 47. g4 Bg2 48. g5 Kg6 49. Rf6+ Kg7 50. Rh6 Bf3 51. a5 a6 52. Ka3
Rh2 53. Kb4 Rxb2+ 54. Kxc4 Rc2 55. Kd3 Rh2 56. Ke3 Bh1 57. Kf4 Rf2+ 58. Ke5 Rc2
59. Na4 Ra2 60. Nc5 Rxa5 61. Kd6 Ra2 62. Ne6+ Kg8 63. Rg6+ Kh8 64. Rh6+ Kg8 65.
Rg6+ Kh8 66. h5 Be4 67. Rf6 Kg8 68. g6 Bd5 69. Rf8# 1-0